Malarstwo Polskie od realizmu do abstrakcjonizmu

Bibliographic Details
Main Author: Stopczyk, Stanisław Krzysztof (Author)
Other Authors: Sarnecki, Jan (Illustrator)
Format: Book
Language:Polish
PhysicalDescription:206 s. ilustr. 25 cm
Published: Warszawa Krajowa agencja wydawnicza 1988
ISBN:8303020226
Edition:1. wyd.
Subjects:

MARC

LEADER 00000nam a2200000 a 4500
001 vtls010663874
003 SK-MaSNL
005 20260302051445.0
008 240318s1988 pl a g 001 0dpol
020 |a 8303020226  |q (viaz.) 
040 |a SNK  |b slo  |c SNK  |e AACR2 
041 0 |a pol 
044 |a pl  |c PL 
072 7 |a 75  |x Maliarstvo  |2 konspekt 
080 |a 75(438)  |2 2001 
080 |a (084.11)  |2 2001 
100 1 |a Stopczyk, Stanisław Krzysztof  |4 aut  |9 707116 
245 1 0 |a Malarstwo Polskie  |b od realizmu do abstrakcjonizmu  |c Stanisław Krzystof Stopczyk ; [opracowanie graficzne Jan Sarnecki] 
250 |a 1. wyd. 
260 |a Warszawa  |b Krajowa agencja wydawnicza  |c 1988 
300 |a 206 s.  |b ilustr.  |c 25 cm 
648 7 |a 19.-20. stor.  |2 SNKPH  |9 268609 
648 7 |a 19th-20th centuries  |2 SNKPHeng  |9 282960 
650 0 7 |a poľské maliarstvo  |2 SNKPH  |9 3121 
650 0 7 |a Polish painting  |2 SNKPHeng  |9 328767 
655 7 |a obrazové publikácie  |2 SNKPH  |9 70343 
655 7 |a Pictorial works  |2 SNKPHeng  |9 284468 
700 1 |a Sarnecki, Jan  |4 ill  |9 707117 
919 |a 83-03-02022-6 
958 |a OND 
999 |c 1101274  |d 1103204 
952 |a SNK  |b SNK  |y VYP  |7 0  |p 17A1155931  |o snkIC 121334  |i snk2015/12805  |8 2  |g 4.86  |0 0  |1 0  |4 0  |d 2015-03-27  |l 0  |r 2026-02-24 17:30:17  |w 2026-02-24